Central Library OPAC University of Rajshahi

A Primer of modern standard Hindi / (Record no. 7459)

MARC details
000 -LEADER
fixed length control field 00769nam a2200253 a 4500
001 - CONTROL NUMBER
control field 7459
003 - CONTROL NUMBER IDENTIFIER
rucl marc code BD-RjUL
005 - DATE AND TIME OF LATEST TRANSACTION
control field 20211208234421.0
008 - FIXED-LENGTH DATA ELEMENTS--GENERAL INFORMATION
fixed length control field 160830r19941989ii a b 000 0 eng d
020 ## - INTERNATIONAL STANDARD BOOK NUMBER
International Standard Book Number 8120805089 (Paper)
035 ## - SYSTEM CONTROL NUMBER
System control number (BD-RjUL)7502
040 ## - CATALOGING SOURCE
Original cataloging agency DLC
Transcribing agency DLC
Modifying agency DLC
Language of cataloging eng
041 ## - LANGUAGE CODE
Language code of text/sound track or separate title eng
082 00 - DEWEY DECIMAL CLASSIFICATION NUMBER
Classification number 491.45
Edition number 23
Author mark and year SHP 1994
100 1# - MAIN ENTRY--PERSONAL NAME
Personal name Shapiro, Michael C.
9 (RLIN) 23300
245 12 - TITLE STATEMENT
Title A Primer of modern standard Hindi /
Statement of responsibility, etc. Michael C. Shapiro.
260 ## - PUBLICATION, DISTRIBUTION, ETC. (IMPRINT)
Place of publication, distribution, etc. Delhi :
Name of publisher, distributor, etc. Motilal Banarsidass,
Date of publication, distribution, etc. 1989 [Reprinted 1994]
300 ## - PHYSICAL DESCRIPTION
Pagination xvi, 293 p. :
Illustrations ill. ;
Size 25 cm.
504 ## - BIBLIOGRAPHY, ETC. NOTE
Bibliography, etc Includes bibliographical references (p. [251]-254).
650 #0 - SUBJECT ADDED ENTRY--TOPICAL TERM
Topical term or geographic name as entry element Hindi language
General subdivision Grammar
9 (RLIN) 23301
942 ## - ADDED ENTRY ELEMENTS (KOHA)
Source of classification or shelving scheme Dewey Decimal Classification
Koha item type Books
Holdings
Lost status Source of classification or shelving scheme Damaged status Not for loan Collection code Permanent Location Current Location Shelving location Date acquired Source of acquisition Cost, normal purchase price Total Checkouts Full call number Date last seen Copy number Koha item type
  Dewey Decimal Classification   Not For Loan Non-fiction Central Library, University of Rajshahi Central Library, University of Rajshahi Reading Room 27/08/1996 Allas B. Library 168.00   491.45 SHP 1994 15/01/2014 C-1 Books
  Dewey Decimal Classification     Non-fiction Central Library, University of Rajshahi Central Library, University of Rajshahi   27/08/1996 Allas B. Library 168.00   491.45 SHP 1994 30/08/2016 C-2 Books
  Dewey Decimal Classification     Non-fiction Central Library, University of Rajshahi Central Library, University of Rajshahi   27/08/1996 Allas B. Library 168.00   491.45 SHP 1994 30/08/2016 C-3 Books
  Dewey Decimal Classification     Non-fiction Central Library, University of Rajshahi Central Library, University of Rajshahi   27/08/1996 Allas B. Library 168.00   491.45 SHP 1994 30/08/2016 C-4 Books
  Dewey Decimal Classification     Non-fiction Central Library, University of Rajshahi Central Library, University of Rajshahi   27/08/1996 Allas B. Library 168.00   491.45 SHP 1994 30/08/2016 C-5 Books
  Dewey Decimal Classification     Non-fiction Central Library, University of Rajshahi Central Library, University of Rajshahi   27/08/1996 Allas B. Library 168.00   491.45 SHP 1994 30/08/2016 C-6 Books
  Dewey Decimal Classification     Non-fiction Central Library, University of Rajshahi Central Library, University of Rajshahi   27/08/1996 Allas B. Library 168.00   491.45 SHP 1994 30/08/2016 C-7 Books
  Dewey Decimal Classification     Non-fiction Central Library, University of Rajshahi Central Library, University of Rajshahi   27/08/1996 Allas B. Library 168.00   491.45 SHP 1994 30/08/2016 C-8 Books
  Dewey Decimal Classification     Non-fiction Central Library, University of Rajshahi Central Library, University of Rajshahi Reading Room 12/08/1996 Allas bib. Library 168.00   491.45 SHP 1994 15/01/2017 C-9 Books
  Dewey Decimal Classification     Non-fiction Central Library, University of Rajshahi Central Library, University of Rajshahi Reading Room 12/08/1996 Allas bib. Library 168.00   491.45 SHP 1994 15/01/2017 C-10 Books